00625nam a22002057a 450000500170000001000110001702000100002803500110003803700160004904000120006508200130007710000200009024500690011026000400017927000110021930000230023050000520025365000570030565000570036220170124110015.0 a244580 c00.00 a244580 bCen Lib/Ret aDPLbEN a301bRAN aJagirdar, P. J. aStudies in the social thought of M.G. Ranade /cby P. J.Jagirdar aBombaybAsia Publishing Housec1963 bBombay avi,148p.c20cm(Hb) aIncludes bibliographical references and index  aRanade, Mahadev Govind, -- Rao Bahadur, -- 1842-1901 aRanade, Mahadev Govind, -- Rao Bahadur, -- 1842-1901